MARC

LEADER 00000nam0a2200000 4500
001 292836
005 20231102000533.0
035 |a (RuTPU)RU\TPU\book\317488 
090 |a 292836 
100 |a 20150425d1983 k y0rusy50 ca 
101 0 |a rus 
102 |a RU 
105 |a a z 101zy 
200 1 |a Наполнители полимерных материалов  |e материалы семинара, 1983 г., г. Москва  |f Общество "Знание" РСФСР ; Московский Дом научно-технической пропаганды 
210 |a Москва  |c Изд-во МДНТП  |d 1983 
215 |a 163 с.  |c ил. 
320 |a Библиография в конце докладов 
606 |a Наполнители для пластмасс  |2 stltpush  |3 (RuTPU)RU\TPU\subj\44840  |9 64118 
610 1 |a сланцевое сырье 
610 1 |a диатомиты 
610 1 |a исследование 
610 1 |a стирольные композиты 
610 1 |a слюдяные частицы 
610 1 |a физико-механические свойства 
610 1 |a дисперсные наполнители 
610 1 |a перлитовые наполнители 
610 1 |a известняковая мука 
610 1 |a древесные наполнители 
610 1 |a волокнистые наполнители 
610 1 |a минеральные вещества 
610 1 |a структура 
675 |a 678.4.04(063)  |v 3 
712 0 2 |a Общество "Знание" РСФСР  |c (Москва)  |2 stltpush  |3 (RuTPU)RU\TPU\col\7484 
712 0 2 |a Московский Дом научно-технической пропаганды  |2 stltpush  |3 (RuTPU)RU\TPU\col\7885  |9 24405 
712 1 2 |a Наполнители полимерных материалов  |c материалы семинара  |e Москва  |f 1983  |4 570 
801 1 |a RU  |b 63413507  |c 20150425 
801 2 |a RU  |b 63413507  |c 20180425  |g RCR 
942 |c BK